Countries with the Most Olympic Medals in Diving - Statistics

General Stats
  • This quiz has been taken 532 times
  • The average score is 10 of 12
Answer Stats
G S B Medals Country % Correct
49 47 46 142 United States
100%
55 26 11 92 China
98%
2 8 12 22 Germany
incl. West Germany
96%
2 4 12 18 Great Britain
94%
4 8 6 18 Russia
90%
1 5 9 15 Canada
86%
3 4 8 15 Australia
85%
4 6 7 17 Soviet Union
incl. Unified Team
84%
3 5 3 11 Italy
82%
2 2 3 7 East Germany
77%
1 8 8 17 Mexico
65%
6 8 7 21 Sweden
64%
No matching quizzes found
Score Distribution
Percent of People with Each Score
Percentile by Number Answered
Your Score History
You have not taken this quiz